Culture and Memory in Medieval Islam : (Record no. 607040)

MARC details
000 -LEADER
fixed length control field 00492nam a2200193 a 4500
008 - FIXED-LENGTH DATA ELEMENTS--GENERAL INFORMATION
fixed length control field 260103s2003##################000#0#eng##
020 ## - INTERNATIONAL STANDARD BOOK NUMBER
ISBN 9780199250783
082 04 - DEWEY DECIMAL CLASSIFICATION NUMBER
Classification number 297.4088296
Item number MER
100 1# - MAIN ENTRY--AUTHOR NAME
Personal name Daftarī, Farhād,
245 10 - TITLE STATEMENT
Title Culture and Memory in Medieval Islam :
260 ## - PUBLICATION, DISTRIBUTION, ETC. (IMPRINT)
Year of publication 2003.
300 ## - PHYSICAL DESCRIPTION
Number of Pages 464 pages
650 #0 - SUBJECT ADDED ENTRY--TOPICAL TERM
Topical Term Islam.
942 ## - ADDED ENTRY ELEMENTS (KOHA)
Koha item type English Books
Holdings
Withdrawn status Lost status Damaged status Not for loan Home library Current library Shelving location Date acquired Full call number Accession Number Price effective from Koha item type
        Anna Centenary Library Anna Centenary Library 3RD FLOOR, B WING 03.01.2026 297.4088296 MER 187810 03.01.2026 English Books

Find us on the map